000 00638nam a2200193Ia 4500
003 GCL
008 140319s9999 xx 000 0 ara d
040 _aGCL /
_cGCL
082 0 4 _a325.309
_bج ا
100 1 _aجمال حمدان
245 1 0 _aالاستعمار والتحرير فى العالم العربى /
_cجمال حمدان
300 _a128\ص
490 _aالمكتبة الثقافية
_v0
650 0 4 _aالعالم العربى
650 0 4 _aالاستعمار الفرنسى
650 0 4 _aالاستعمار فى البلاد العربية
650 0 4 _aالاستعمار البريطانى
942 _2ddc
_cBK
999 _c38240
_d38240